| 000 | 01249nam a2200313 c 4500 | ||
|---|---|---|---|
| 999 |
_c184261 _d184261 |
||
| 003 | BLK | ||
| 005 | 20211027090749.0 | ||
| 008 | 180411b bul|||||r ||||||| ||bul|| | ||
| 010 | _aKNG00193214000 | ||
| 040 | _aBLK | ||
| 041 |
_aBUL _cBUL _hSER |
||
| 080 |
_aСръбска литература _b821.163.41 _x-7 _z821.163.41-7 |
||
| 100 | 1 |
_aДоманович, Р. _eпърви автор _964207 |
|
| 139 |
_aДоманович, Р. _bД 76 |
||
| 245 | 1 | 0 |
_aИзбрани сатири и разкази _cР. Доманович; с предг. от Велибор Глигорич; прев. от сърбохърв. О. Рокич; прев. от сърбохърв. Д. Крецул. |
| 257 | _aSER | ||
| 260 |
_bНар. култура _c1957 _aСофия |
||
| 300 |
_a264 с. _b1 л. портр. _c21 см |
||
| 380 | _aX | ||
| 500 | _a4 000 тир. | ||
| 700 | 1 |
_aГлигорич, Велибор _eс предг. от _954401 |
|
| 700 | 1 |
_aРокич, О. _eпрев. от сърбохърв. _9116805 |
|
| 700 | 1 |
_aКрецул, Д. _eпрев. от сърбохърв. _984141 |
|
| 852 | _aЦб 5923 | ||
| 856 | 4 | _qpdf | |
| 856 | 4 | _qpdf | |
| 942 |
_cKNG _n0 _s1 |
||
| 944 |
_aCR _c14.10.2016 _kХристина_Везирева |
||
| 944 |
_aED _c20.10.2016 _kПравда_Бадева |
||
| 999 | _d184261 | ||
| 999 | _d184261 | ||